000 00667pam a2200229 a 4500
008
020 _a0894648020 (hbk.)
049 _aMAIN
090 _aTC805
_bJAM
100 1 _aJames, Larry G.
245 1 0 _aPrinciples of farm irrigation system design /
_cLarry G. James.
260 _aMalabar. :
_bKrieger,
_c1988.
300 _axv, 543 p. :
_bill. ;
_c24 cm.
500 _aIncludes index.
504 _aIncludes bibliographical references.
650 0 _aIrrigation engineering.
907 _a.b1038649x
_b23-01-18
_c07-11-17
003
005 20240506154422.0
040 _cNUST
942 _cBOOKS
_kTC805
_mJAM
_01
999 _c131470
_d131470